[Event "only 10 leisure players under 2000 second part"]
[Site "SchemingMind.com"]
[Date "2019.03.12"]
[Round "-"]
[White "capablanca"]
[Black "Omahony"]
[Result "1-0"]
[WhiteCountry "GER"]
[BlackCountry "ENG"]
[WhiteElo "1698"]
[WhiteRD "63"]
[BlackElo "1785"]
[BlackRD "72"]
[GameID "439295"]

1. d4 d5 2. Nf3 c6 3. Bf4 Bf5 4. e3 e6 5. Nc3 Bd6 6. Bxd6 Qxd6 7. Bd3 Bg6 8. Ne5 Nf6 9. Nxg6 hxg6 10. h3 Nbd7
11. Qf3 e5 12. Be2 e4 13. Qg3 Ke7 14. Qxd6+ Kxd6 15. a4 a6 16. b4 b5 17. a5 Rh6 18. O-O Rah8 19. f3 Rh4 20. Kf2 g5
21. Ke1 Nf8 22. fxe4 dxe4 23. Kd2 Ng6 24. Rf2 Ne7 25. Raf1 Ned5 26. Rf5 g4 27. hxg4 Nxc3 28. Kxc3 Nxg4 29. Bxg4 Rxg4 30. Rxf7 Rxg2
31. Ra7 Rhh2 32. Rc1 Rh3 33. Rxa6 Rxe3+ 34. Kb2 Kc7 35. Ra7+ Kb8 36. Re7 Rg6 37. a6 Rd6 38. a7+ Ka8 39. Rxg7 Rxd4 40. Rh1 Rd8
41. Rh5 Rf3 42. Re5 e3 43. Rc7 Rg3 44. Rxc6 Kxa7 45. Re7+ Ka8 46. Ra6+ Kb8 47. Rb6+ Ka8 48. Rxb5 Rh3 49. Rbe5 Rh4 50. Kb3 Rd2
51. Rxe3 Rdd4 52. c3 Rc4 53. Rd3 Kb8 54. Rd8+ Rc8 55. Rxc8+ Kxc8 56. b5
1-0

[Event "only 10 leisure players under 2000 second part"]
[Site "SchemingMind.com"]
[Date "2019.03.12"]
[Round "-"]
[White "Omahony"]
[Black "capablanca"]
[Result "1/2-1/2"]
[WhiteCountry "ENG"]
[BlackCountry "GER"]
[WhiteElo "1785"]
[WhiteRD "72"]
[BlackElo "1698"]
[BlackRD "63"]
[GameID "439296"]

1. d4 d5 2. e3 Nf6 3. Bd3 Nc6 4. Nf3 Bd7 5. a3 e6 6. Nbd2 Bd6 7. b3 O-O 8. Bb2 Ne7 9. O-O Ng6 10. Ne5 c5
11. f4 cxd4 12. exd4 Be8 13. Qf3 Nd7 14. g4 Ngxe5 15. fxe5 Be7 16. Qh3 g6 17. Rf2 Kg7 18. Raf1 Rh8 19. Nf3 f6 20. Bc1 h6
21. Nh4 g5 22. Ng2 Bg6 23. Bxg6 Kxg6 24. Qh5+ Kg7 25. Ne1 Qe8 26. Nd3 Qxh5 27. gxh5 f5 28. Rg2 Kh7 29. Kh1 Rac8 30. Rfg1 Rhg8
31. h3 b6 32. Kh2 Nb8 33. Kg3 Nc6 34. Bb2 Nb8 35. Kf3 Na6 36. Ke3 Nc7 37. Kd2 Nb5 38. a4 Nc7 39. Kd1 Rcf8 40. Rf1 Ne8
41. Bc3 Ng7 42. Nb4 Rc8 43. Rf3 Nxh5 44. Bd2 a5 45. Nd3 f4 46. Be1 Ng3 47. Bxg3 fxg3 48. Rgxg3 Rcf8 49. Ke2 Rxf3 50. Kxf3 Rf8+
51. Kg4 Kg6 52. Rf3 Rxf3 53. Kxf3 h5 54. Ne1 Kf5 55. Ng2 g4+ 56. hxg4+ hxg4+ 57. Ke3 Bg5+ 58. Kd3 g3 59. c4 Kg4 60. Ke2 Be7
61. Ke3 Ba3 62. cxd5 exd5 63. Ke2 Be7 64. Ne3+ Kh3 65. Kf3 Bg5 66. Ng2 Kh2=
1/2-1/2

[Event "only 10 leisure players under 2000 second part"]
[Site "SchemingMind.com"]
[Date "2019.03.23"]
[Round "-"]
[White "capablanca"]
[Black "Barry Hampton"]
[Result "0-1"]
[WhiteCountry "GER"]
[BlackCountry "ENG"]
[WhiteElo "1685"]
[WhiteRD "60"]
[BlackElo "1912"]
[BlackRD "97"]
[GameID "439573"]

1. e4 e6 2. d4 d5 3. exd5 exd5 4. Bd3 Bd6 5. Nc3 Nf6 6. h3 Nc6 7. Nf3 h6 8. Be3 a6 9. O-O Be6 10. Re1 Qd7
11. Ne2 O-O-O 12. Bf4 g5 13. Bxd6 Qxd6 14. Ng3 Kb8 15. c3 Nd7 16. Nh5 Rdg8 17. g4 f5 18. Bxf5 Bxf5 19. gxf5 g4 20. hxg4 Rxg4+
21. Ng3 Rhg8 22. Ne5 Ndxe5 23. dxe5 Nxe5 24. Qe2 Rxg3+ 25. fxg3 Rxg3+ 26. Kf1 Nd3 27. Qe8+ Ka7 28. Re3 Qb6 29. Rae1 Nxe1 30. Rxe1 Rf3+
31. Ke2 Qf2+ 32. Kd1 Qxb2 33. Re3 Qb1+ 34. Kd2 Qxf5 35. Qh8 Rxe3 36. Qd4+ b6 37. Qxe3 Qg5
0-1

[Event "only 10 leisure players under 2000 second part"]
[Site "SchemingMind.com"]
[Date "2019.03.23"]
[Round "-"]
[White "Barry Hampton"]
[Black "capablanca"]
[Result "1-0"]
[WhiteCountry "ENG"]
[BlackCountry "GER"]
[WhiteElo "1912"]
[WhiteRD "97"]
[BlackElo "1685"]
[BlackRD "60"]
[GameID "439574"]

1. Nf3 d5 2. g3 g6 3. Bg2 Bg7 4. O-O Nf6 5. d3 O-O 6. Nbd2 Nc6 7. e4 dxe4 8. dxe4 e5 9. c3 Be6 10. Re1 Qe7
11. a4 Rfd8 12. Qe2 Rd7 13. b4 a6 14. Bb2 Rad8 15. b5 Nb8 16. Ba3 Qe8 17. Rad1 Rd3 18. Nb1 Rxd1 19. Rxd1 Rxd1+ 20. Qxd1 Nxe4
21. Nxe5 Bxe5 22. Bxe4 b6 23. Qd3 Qd7 24. bxa6 Nxa6 25. Qxa6 Bh3 26. Qa8+ Kg7 27. Bf8+ Kf6 28. Qc6+
1-0

[Event "only 10 leisure players under 2000 second part"]
[Site "SchemingMind.com"]
[Date "2019.03.24"]
[Round "-"]
[White "anne"]
[Black "Barry Hampton"]
[Result "1-0"]
[WhiteCountry "GER"]
[BlackCountry "ENG"]
[WhiteElo "2104"]
[WhiteRD "86"]
[BlackElo "1917"]
[BlackRD "92"]
[GameID "439575"]

1. e4 e6 2. e5 d5 3. exd6 Bxd6 4. b3 Nf6 5. Nf3 Bd7 6. Bb2 Nc6 7. d4 Qe7 8. Bc4 a6 9. O-O O-O 10. Re1 b5
11. Bf1 Bb4 12. c3 Ba5 13. b4 Bb6 14. a4 bxa4 15. Rxa4 a5 16. b5 Na7 17. Ba3 Qd8 18. Bxf8 Qxf8 19. c4 c6 20. c5 Bd8
21. b6 Nb5 22. Qd2
1-0

[Event "only 10 leisure players under 2000 second part"]
[Site "SchemingMind.com"]
[Date "2019.03.24"]
[Round "-"]
[White "Barry Hampton"]
[Black "anne"]
[Result "0-1"]
[WhiteCountry "ENG"]
[BlackCountry "GER"]
[WhiteElo "1917"]
[WhiteRD "92"]
[BlackElo "2104"]
[BlackRD "86"]
[GameID "439576"]

1. Nf3 Nf6 2. g3 g6 3. Bg2 Bg7 4. O-O O-O 5. d3 d5 6. Nbd2 Nc6 7. e4 dxe4 8. Nxe4 Nxe4 9. dxe4 Bg4 10. Qxd8 Raxd8
11. c3 Rd7 12. Bf4 e5 13. Be3 Rfd8 14. h3 Be6 15. a3 Na5 16. Rfe1 Nc4 17. Re2 Rd1+ 18. Rxd1 Rxd1+ 19. Kh2 b6 20. Ng5 Bd7
21. Nf3 Ba4 22. b4 Ra1
0-1

[Event "only 10 leisure players under 2000 second part"]
[Site "SchemingMind.com"]
[Date "2019.03.25"]
[Round "-"]
[White "echecs"]
[Black "Barry Hampton"]
[Result "0-1"]
[WhiteCountry "ENG"]
[BlackCountry "ENG"]
[WhiteElo "1799"]
[WhiteRD "63"]
[BlackElo "1917"]
[BlackRD "92"]
[GameID "439577"]

1. e4 e6 2. d4 d5 3. e5 c5 4. c3 Nc6 5. Nf3 Bd7 6. a3 f6 7. exf6 Nxf6 8. dxc5 Bxc5 9. Be2 Qb6 10. O-O O-O
11. b4 Bd6 12. Be3 Qc7 13. g3 e5 14. Bg5 Be6 15. a4 e4 16. Nd4 Bh3 17. Re1 Qf7 18. Be3 a6 19. Nd2 Ne5 20. N2b3 Nfg4
21. Bxg4 Nxg4 22. Qd2 Qh5 23. Ne6 Nxh2 24. Kxh2 Bxe6+ 25. Kg1 Bg4 26. Nd4 Bf3 27. Nxf3 exf3 28. Qd3 Qh3 29. Qf1 Qg4 30. Kh2 Rf5
31. Qd3 Rh5+
0-1

[Event "only 10 leisure players under 2000 second part"]
[Site "SchemingMind.com"]
[Date "2019.03.25"]
[Round "-"]
[White "Barry Hampton"]
[Black "echecs"]
[Result "1-0"]
[WhiteCountry "ENG"]
[BlackCountry "ENG"]
[WhiteElo "1878"]
[WhiteRD "88"]
[BlackElo "1785"]
[BlackRD "61"]
[GameID "439578"]

1. Nf3 Nc6 2. g3 e5 3. d3 d5 4. Nbd2 Bd7 5. Bg2 Nf6 6. O-O Be7 7. e4 dxe4 8. dxe4 O-O 9. Qe1 Re8 10. a3 b6
11. Kh1 a5 12. Nc4 Be6 13. Nfxe5 Nxe5 14. Nxe5 Bc5 15. Bf4 Nh5 16. Rd1 Qe7 17. Nc6 Qf8 18. Qd2 Nxf4 19. Qxf4 Bc4 20. Rfe1 Rac8
21. e5 Bb5 22. Na7 Ba6 23. Nxc8 Rxc8 24. e6 fxe6 25. Qxf8+ Rxf8 26. Rxe6 Rxf2 27. Bd5 Kf8 28. Rde1 g6 29. c4 Rxb2 30. Re8+ Kg7
31. Ra8 Bxc4 32. Rg8+ Kh6 33. Bxc4 Bxa3 34. Re2 Rb1+ 35. Kg2 Bd6 36. Bd3 Rb3 37. Bc2 Rb2 38. Rge8 b5 39. R8e4 a4 40. Bd3 Rb3
41. Bxb5 Rxb5 42. Rxa4 Rh5 43. Ree4 Rc5 44. Rac4 Rb5 45. Rh4+ Kg7 46. Kh3 c5 47. Ra4 Rb7 48. Ra6 Be5 49. Rc4 Bd4 50. Kg4 Rb2
51. Ra7+ Kh6 52. h4 Rb3 53. Rf7 Re3 54. Ra4 Be5 55. Rf3 Re1 56. Kh3 Bd4 57. Rf4 Rg1 58. Rg4 Rh1+ 59. Kg2 Rg1+ 60. Kh2 Rc1
61. Rg5 Rc3 62. Kh3 Be3 63. Rd5 Bf2 64. Rg4 Kg7 65. h5 Kh6 66. hxg6 hxg6 67. Rdg5 Rc1 68. Rxg6+ Kh7 69. R6g5 Kh6 70. Rf5 Rc3
71. Rxf2
1-0

[Event "only 10 leisure players under 2000 second part"]
[Site "SchemingMind.com"]
[Date "2019.03.23"]
[Round "-"]
[White "Scooter"]
[Black "Barry Hampton"]
[Result "0-1"]
[WhiteCountry "USA"]
[BlackCountry "ENG"]
[WhiteElo "1660"]
[WhiteRD "87"]
[BlackElo "1912"]
[BlackRD "97"]
[GameID "439579"]

1. d4 e6 2. Nf3 d5 3. Bf4 Nd7 4. e3 Ngf6 5. Bd3 Be7 6. O-O O-O 7. h3 c5 8. c3 c4 9. Bc2 b5 10. Nbd2 a5
11. Ne5 Nxe5 12. Bxe5 Ne8 13. Qh5 f5 14. Qe2 Nf6 15. b3 Bd6 16. Bxd6 Qxd6 17. bxc4 dxc4 18. Nf3 Bb7 19. Rab1 Qd5 20. a4 bxa4
21. Bxa4 Ne4 22. Qc2 Ng5 23. Qe2 Nxf3+ 24. Qxf3 Qxf3 25. gxf3 Bxf3 26. Rb6 Rf6 27. Bd7 Rg6+
0-1

[Event "only 10 leisure players under 2000 second part"]
[Site "SchemingMind.com"]
[Date "2019.03.23"]
[Round "-"]
[White "Barry Hampton"]
[Black "Scooter"]
[Result "1-0"]
[WhiteCountry "ENG"]
[BlackCountry "USA"]
[WhiteElo "1912"]
[WhiteRD "97"]
[BlackElo "1660"]
[BlackRD "87"]
[GameID "439580"]

1. d4 Nf6 2. c4 d5 3. Nc3 c6 4. Nf3 g6 5. e3 Bg7 6. Bd3 Bg4 7. Qc2 Bxf3 8. gxf3 O-O 9. Bd2 Nbd7 10. O-O-O Nb6
11. c5 Nbd7 12. Rdg1 e5 13. Rg2 exd4 14. exd4 Re8 15. f4 Bh6 16. f5 Bxd2+ 17. Kxd2 Qa5 18. fxg6 fxg6 19. Bxg6
1-0

[Event "only 10 leisure players under 2000 second part"]
[Site "SchemingMind.com"]
[Date "2019.03.22"]
[Round "-"]
[White "Barry Hampton"]
[Black "kenneth m day"]
[Result "1-0"]
[WhiteCountry "ENG"]
[BlackCountry "USA"]
[WhiteElo "1917"]
[WhiteRD "92"]
[BlackElo "1732"]
[BlackRD "54"]
[GameID "439581"]

1. Nf3 Nf6 2. g3 g6 3. Bg2 Bg7 4. O-O O-O 5. d3 d5 6. Nbd2 c6 7. e4 Bg4 8. e5 Nfd7 9. d4 c5 10. c3 Nc6
11. Qe1 f6 12. e6 cxd4 13. exd7 Qxd7 14. Nxd4 e5 15. Nxc6 Qxc6 16. c4 Be6 17. cxd5 Bxd5 18. Bxd5+ Qxd5 19. Qe4 Rfd8 20. b3 Qd4
21. Qxd4 Rxd4 22. Nc4 b5 23. Be3 Rd3 24. Nb2 Rd7 25. Rfd1 Rc7 26. Rd5 a6 27. Rad1 Rac8 28. Rd8+ Rxd8 29. Rxd8+ Kf7 30. Nd3 Bf8
31. b4 Be7 32. Ra8 Rc6 33. Bc5 Bxc5 34. Nxc5
1-0

[Event "only 10 leisure players under 2000 second part"]
[Site "SchemingMind.com"]
[Date "2019.03.22"]
[Round "-"]
[White "kenneth m day"]
[Black "Barry Hampton"]
[Result "1-0"]
[WhiteCountry "USA"]
[BlackCountry "ENG"]
[WhiteElo "1760"]
[WhiteRD "54"]
[BlackElo "1912"]
[BlackRD "97"]
[GameID "439582"]

1. e4 e6 2. d4 d5 3. Nd2 Nf6 4. e5 Nfd7 5. Bd3 c5 6. c3 Nc6 7. Ne2 Be7 8. Nf3 cxd4 9. cxd4 Qc7 10. O-O f6
11. Bf4 fxe5 12. Nxe5 Ndxe5 13. Rc1 Bd6 14. dxe5 Nxe5 15. Rxc7 Bxc7 16. Bxe5 Bxe5 17. Bb5+ Ke7 18. f4 Bxb2 19. Qc2 Ba3 20. Qc7+ Kf6
21. Rf3 Be7 22. g4 Rd8 23. Qe5+ Kf7 24. Bd3 g6 25. Rh3
1-0

[Event "only 10 leisure players under 2000 second part"]
[Site "SchemingMind.com"]
[Date "2019.03.23"]
[Round "-"]
[White "Barry Hampton"]
[Black "Omahony"]
[Result "1/2-1/2"]
[WhiteCountry "ENG"]
[BlackCountry "ENG"]
[WhiteElo "1878"]
[WhiteRD "88"]
[BlackElo "1785"]
[BlackRD "72"]
[GameID "439583"]

1. Nf3 d5 2. g3 c6 3. Bg2 Nf6 4. d3 Nbd7 5. O-O e5 6. Nbd2 Bd6 7. e4 O-O 8. Re1 Re8 9. Nh4 Nf8 10. Nf5 Ng6
11. Nxd6 Qxd6 12. c4 Be6 13. Qb3 Rab8 14. Qc3 Rbc8 15. c5 Qc7 16. b4 b6 17. Bb2 Nd7 18. d4 f6 19. Nb3 Re7 20. Rac1 b5
21. exd5 cxd5 22. Rc2 Bf7 23. Rec1 a6 24. c6 Nb6 25. Na5 Nc4 26. Nxc4 bxc4 27. Ba3 Ree8 28. Qb2 e4 29. Bh3 Rb8 30. Bd7 Red8
31. b5 axb5 32. Bb4 Be8 33. Be6+ Bf7 34. Bd7 Be8 35. Be6+ Bf7 36. Bd7 Be8=
1/2-1/2

[Event "only 10 leisure players under 2000 second part"]
[Site "SchemingMind.com"]
[Date "2019.03.23"]
[Round "-"]
[White "Omahony"]
[Black "Barry Hampton"]
[Result "0-1"]
[WhiteCountry "ENG"]
[BlackCountry "ENG"]
[WhiteElo "1735"]
[WhiteRD "70"]
[BlackElo "1893"]
[BlackRD "91"]
[GameID "439584"]

1. d4 e6 2. e3 d5 3. Bd3 c5 4. c3 Nc6 5. f4 Nf6 6. Nf3 Bd6 7. g3 Bd7 8. Nbd2 c4 9. Bc2 Bc7 10. Ne5 O-O
11. Qf3 Ne7 12. O-O Ne8 13. e4 Bxe5 14. fxe5 dxe4 15. Qxe4 g6 16. Nxc4 Bc6 17. Qh4 Nf5 18. Bxf5 Qxh4 19. gxh4 exf5 20. Bh6 Ng7
21. Rad1 Bb5 22. b3 Rfc8 23. Nd6 Bxf1 24. Kxf1 Rxc3 25. Rd2 b6 26. Kf2 Rh3 27. Kg2 Rxh4 28. Be3 f4 29. Bf2 Rg4+ 30. Kf3 Rg5
31. Kxf4 Ne6+ 32. Kf3 Rf8 33. Be3 Rh5 34. Kg4 f5+ 35. Kf3 f4 36. Bg1 Ng5+ 37. Kg4 Nh3 38. Bf2 Nxf2+ 39. Rxf2 f3 40. h4 Kg7
41. b4 a6 42. a3 b5 43. Ne4 Rhf5 44. Nf6 h5+ 45. Kg3 Rd8 46. Rxf3 Rxf3+ 47. Kxf3 Rxd4
0-1

[Event "only 10 leisure players under 2000 second part"]
[Site "SchemingMind.com"]
[Date "2019.04.30"]
[Round "-"]
[White "capablanca"]
[Black "Mihir Chandrashekhar"]
[Result "0-1"]
[WhiteCountry "GER"]
[BlackCountry "IND"]
[WhiteElo "1662"]
[WhiteRD "62"]
[BlackElo "1850"]
[BlackRD "67"]
[GameID "440738"]

1. d4 Nf6 2. c4 e6 3. Nc3 Bb4 4. Bg5 h6 5. Bh4 c5 6. a3 Bxc3+ 7. bxc3 d5 8. e3 Nc6 9. Bd3 Qa5 10. Ne2 cxd4
11. Bxf6 gxf6 12. exd4 Nxd4 13. O-O Nxe2+ 14. Qxe2 dxc4 15. Bxc4 Bd7 16. Rfc1 Rg8 17. Bd3 Bc6 18. Be4 Qe5 19. Bxc6+ bxc6 20. Qxe5= fxe5
21. Rab1 O-O-O 22. Rc2 Kc7 23. Rcb2 Rb8 24. f3 Rxb2 25. Rxb2 Rb8 26. Rb4 Rxb4 27. axb4 c5 28. Kf2 Kc6 29. Ke3 cxb4
0-1

[Event "only 10 leisure players under 2000 second part"]
[Site "SchemingMind.com"]
[Date "2019.04.29"]
[Round "-"]
[White "Mihir Chandrashekhar"]
[Black "capablanca"]
[Result "1-0"]
[WhiteCountry "IND"]
[BlackCountry "GER"]
[WhiteElo "1850"]
[WhiteRD "67"]
[BlackElo "1662"]
[BlackRD "62"]
[GameID "440739"]

1. e4 e5 2. Nf3 Nc6 3. Bc4 Bc5 4. c3 Nf6 5. d3 h6 6. Bb3 d6 7. O-O Be6 8. Bc2 Qd7 9. d4 exd4 10. cxd4 Bc4
11. dxc5 Bxf1 12. Kxf1 dxc5 13. Qxd7+ Nxd7 14. Nc3 O-O-O 15. Bf4 f6 16. Ba4 Nd4 17. Nxd4 cxd4 18. Nb5 Ne5 19. Nxa7+ Kb8 20. Nb5 g5
21. Bd2 Rh7 22. Na3 b6 23. Ke2 c5 24. Bb5 Re7 25. f3 Kc7 26. Nc4 Ng6 27. Kf2 h5 28. a4 Ra8 29. a5 bxa5 30. Bxa5+ Kb8
31. Ra3 Ne5 32. Nxe5 fxe5 33. Bc6 Raa7 34. Bd5 Kc8 35. Bb6 Rxa3 36. bxa3 Rh7 37. a4 c4 38. Bxc4 Rh6 39. a5 Kb7 40. Bd8 g4
41. a6+ Ka7 42. Bb5 gxf3 43. gxf3 Rg6 44. Bc7 h4 45. Bxe5 Rg5 46. Bxd4+
1-0

[Event "only 10 leisure players under 2000 second part"]
[Site "SchemingMind.com"]
[Date "2019.04.29"]
[Round "-"]
[White "anne"]
[Black "Mihir Chandrashekhar"]
[Result "1-0"]
[WhiteCountry "GER"]
[BlackCountry "IND"]
[WhiteElo "2104"]
[WhiteRD "86"]
[BlackElo "1850"]
[BlackRD "67"]
[GameID "440740"]

1. e4 c5 2. Nf3 Nc6 3. Bb5 e6 4. O-O Nge7 5. c3 a6 6. Ba4 b5 7. Bc2 d5 8. d4 cxd4 9. a4 Bb7 10. axb5 axb5
11. Rxa8 Bxa8 12. Re1 dxc3 13. Nxc3 b4 14. Nb5 Qb8 15. Ba4
1-0

[Event "only 10 leisure players under 2000 second part"]
[Site "SchemingMind.com"]
[Date "2019.04.29"]
[Round "-"]
[White "Mihir Chandrashekhar"]
[Black "anne"]
[Result "0-1"]
[WhiteCountry "IND"]
[BlackCountry "GER"]
[WhiteElo "1850"]
[WhiteRD "67"]
[BlackElo "2104"]
[BlackRD "86"]
[GameID "440741"]

1. d4 Nf6 2. c4 e6 3. Nc3 Bb4 4. e3 O-O 5. Bd3 d5 6. Nf3 dxc4 7. Bxc4 b6 8. O-O Bb7 9. a3 Bxc3 10. bxc3 Ne4
11. Bb2 Nd7 12. Qe2 Nd6 13. Bd3 Be4 14. c4 f5 15. Rac1 Bxd3 16. Qxd3 Re8 17. Nd2 c5 18. d5 Qe7 19. Rfd1 Nf6 20. dxe6 Qxe6
21. Bxf6 Qxf6 22. Nb1 Rad8 23. Qc2 f4 24. Nc3 fxe3 25. fxe3 Qg5 26. Nd5 Re4 27. Qe2 Rde8 28. Rf1 h6 29. Rf3 Nf5 30. Rc3 Nd4
0-1

[Event "only 10 leisure players under 2000 second part"]
[Site "SchemingMind.com"]
[Date "2019.04.30"]
[Round "-"]
[White "echecs"]
[Black "Mihir Chandrashekhar"]
[Result "0-1"]
[WhiteCountry "ENG"]
[BlackCountry "IND"]
[WhiteElo "1799"]
[WhiteRD "63"]
[BlackElo "1850"]
[BlackRD "67"]
[GameID "440742"]

1. e4 e5 2. Nf3 Nc6 3. Bc4 Bc5 4. O-O Nf6 5. Nc3 O-O 6. Be2 d6 7. d3 h6 8. Na4 Bb6 9. Nxb6 axb6 10. Bd2 Be6
11. a3 d5 12. exd5 Nxd5 13. b4 Nf4 14. Bxf4 exf4 15. c3 Qf6 16. Qd2 g5 17. Rfc1 g4 18. Ne1 Ne5 19. f3 g3 20. h3 Rfe8
21. Nc2 Qh4 22. Bf1 Bxh3 23. Nd4 Bd7 24. Be2 Qh2+ 25. Kf1 Qh1#
0-1

[Event "only 10 leisure players under 2000 second part"]
[Site "SchemingMind.com"]
[Date "2019.04.29"]
[Round "-"]
[White "Mihir Chandrashekhar"]
[Black "echecs"]
[Result "0-1"]
[WhiteCountry "IND"]
[BlackCountry "ENG"]
[WhiteElo "1850"]
[WhiteRD "67"]
[BlackElo "1799"]
[BlackRD "63"]
[GameID "440743"]

1. c4 c5 2. Nc3 Nc6 3. Nf3 Nf6 4. g3 g6 5. Bg2 a6 6. O-O Bg7 7. e4 O-O 8. d3 d6 9. Ne1 Nd7 10. Kh1 Nde5
11. f4 Nd7 12. Nc2 Rb8 13. a4 Na5 14. Ne3 e6 15. f5 exf5 16. exf5 Ne5 17. Ned5 Bxf5 18. Rxf5 gxf5
0-1

[Event "only 10 leisure players under 2000 second part"]
[Site "SchemingMind.com"]
[Date "2019.04.30"]
[Round "-"]
[White "Scooter"]
[Black "Mihir Chandrashekhar"]
[Result "1/2-1/2"]
[WhiteCountry "USA"]
[BlackCountry "IND"]
[WhiteElo "1667"]
[WhiteRD "89"]
[BlackElo "1850"]
[BlackRD "67"]
[GameID "440744"]

1. d4 d5 2. c4 dxc4 3. Qa4+ c6 4. Qxc4 Nf6 5. Nf3 Qd5 6. e3 Bg4 7. Be2 Bxf3 8. gxf3 e6 9. Qxd5 cxd5 10. Bb5+ Nbd7
11. Nc3 a6 12. Bxd7+ Kxd7 13. a3 Bd6 14. Bd2 g6 15. Na4 Ke7 16. Nb6 Rab8 17. Rc1 Nd7 18. Nxd7 Kxd7 19. b4 Rbc8 20. Ke2 Rxc1
21. Bxc1 Rc8 22. Kd2 Rc4 23. f4 a5 24. bxa5 Ra4 25. Bb2 Rxa5 26. Ra1 Ra4 27. h3 Kc6 28. Kc2 b5 29. Kb3 Be7 30. Rc1+ Rc4
31. Bc3 b4 32. axb4 Bxb4 33. Rc2 Bxc3 34. Rxc3 Rxc3+ 35. Kxc3 Kb5 36. Kb3 f6 37. h4 f5 38. Kc3 Ka4 39. Kb2 Kb4 40. Kc2 Ka3
41. Kc3 h6 42. Kc2 Kb4 43. Kb2=
1/2-1/2

[Event "only 10 leisure players under 2000 second part"]
[Site "SchemingMind.com"]
[Date "2019.04.29"]
[Round "-"]
[White "Mihir Chandrashekhar"]
[Black "Scooter"]
[Result "1/2-1/2"]
[WhiteCountry "IND"]
[BlackCountry "USA"]
[WhiteElo "1850"]
[WhiteRD "67"]
[BlackElo "1667"]
[BlackRD "89"]
[GameID "440745"]

1. d4 d5 2. Nf3 Nf6 3. c4 c6 4. Nc3 Bg4 5. e3 e6 6. h3 Bxf3 7. Qxf3 Bb4 8. Bd3 Nbd7 9. a3 Bxc3+ 10. bxc3 O-O
11. O-O e5 12. cxd5 cxd5 13. e4 dxe4 14. Bxe4 Nxe4 15. Qxe4 exd4 16. cxd4 b6 17. Re1 Nf6 18. Qh4 Nd5 19. Bg5 f6 20. Bd2= Rc8
21. Rac1 Rxc1 22. Bxc1 Nc3 23. Bb2 Nb5 24. Qe4 Nd6 25. Qe6+ Kh8 26. Re2 h6 27. Qd5 Nf7 28. Qb7 a5 29. Re7 Kg8 30. Rd7 Qe8
31. Kf1 Qc8 32. d5 Qxb7 33. Rxb7 Rd8 34. Rxb6 Rxd5 35. Ke2 Nd6 36. a4 Nc4 37. Rb8+ Kf7 38. Bc3 Nd6 39. Ra8 Nc4 40. Ra7+ Kg6
41. Rc7 Nb6 42. Ra7= Nxa4 43. Bxa5 Nc5 44. Bb6 Ne4 45. Ba5 Nc5=
1/2-1/2

[Event "only 10 leisure players under 2000 second part"]
[Site "SchemingMind.com"]
[Date "2019.04.29"]
[Round "-"]
[White "Barry Hampton"]
[Black "Mihir Chandrashekhar"]
[Result "0-1"]
[WhiteCountry "ENG"]
[BlackCountry "IND"]
[WhiteElo "1878"]
[WhiteRD "88"]
[BlackElo "1854"]
[BlackRD "54"]
[GameID "440746"]

1. Nf3 d5 2. g3 Nf6 3. Bg2 g6 4. O-O Bg7 5. d3 O-O 6. Nbd2 c5 7. e4 e6 8. Re1 Nc6 9. Qe2 Qc7 10. Nf1 dxe4
11. dxe4 Nd4 12. Nxd4 cxd4 13. e5 Nd5 14. Bxd5 exd5 15. Bf4 Qb6 16. b3 Re8 17. Qf3 Be6 18. Nd2 Rac8 19. Rac1 Rc3 20. Qe2 Rec8
21. Nb1 R3c6 22. a4 Qb4 23. Bd2 Qe7 24. Qd3 Bf5 25. Qxd4 Bxc2 26. Qxd5 Rc5 27. Bb4 Rxd5 28. Bxe7 Rxe5 29. Rxe5 Bxe5 30. Ba3 Rc7
31. Nd2 Bd3 32. Nc4 Bxc4= 33. bxc4 h5 34. f4 Bd4+ 35. Kg2 Bc5 36. Bb2 f5 37. Be5 Rd7 38. Kf3 Rd2
0-1

[Event "only 10 leisure players under 2000 second part"]
[Site "SchemingMind.com"]
[Date "2019.04.29"]
[Round "-"]
[White "Mihir Chandrashekhar"]
[Black "Barry Hampton"]
[Result "1-0"]
[WhiteCountry "IND"]
[BlackCountry "ENG"]
[WhiteElo "1854"]
[WhiteRD "54"]
[BlackElo "1878"]
[BlackRD "88"]
[GameID "440747"]

1. d4 e6 2. c4 Nf6 3. Nc3 d5 4. cxd5 exd5 5. Bg5 Be7 6. Nf3 c6 7. e3 Nbd7 8. Bd3 O-O 9. O-O Re8 10. Rb1 Nf8
11. Qc2 Ne4 12. Bxe4 Bxg5 13. Bd3 Bf6 14. h3 Bd7 15. b4 b5 16. Ne2 Qc7 17. Ng3 Qd6 18. Rfc1 Rac8 19. a4 a6 20. Nd2 g6
21. Qc5 Qxc5 22. Rxc5 Ne6 23. Rc2 Bg7 24. axb5 cxb5 25. Ra2 Rc6 26. Nb3 Rec8 27. Nc5 Nxc5 28. bxc5 R8c7 29. Be2 Rf6 30. Rba1 Bc8
31. Bf3 Bb7 32. Ne2 h5 33. Nc3 Rd7 34. Ra5 Bf8 35. Na2 Be7 36. Nb4 Bd8 37. c6 Bxc6 38. Rxa6 Rdd6 39. Rxc6 Rxc6 40. Nxc6 Rxc6
41. Bxd5 Rd6 42. Bb3 Bc7 43. Rc1 Bb6 44. Kf1 Kg7 45. Bd1 h4 46. Rb1
1-0

[Event "only 10 leisure players under 2000 second part"]
[Site "SchemingMind.com"]
[Date "2019.04.29"]
[Round "-"]
[White "kenneth m day"]
[Black "Mihir Chandrashekhar"]
[Result "1/2-1/2"]
[WhiteCountry "USA"]
[BlackCountry "IND"]
[WhiteElo "1732"]
[WhiteRD "54"]
[BlackElo "1850"]
[BlackRD "67"]
[GameID "440748"]

1. e4 c5 2. d4 cxd4 3. c3 dxc3 4. Nxc3 Nc6 5. Nf3 d6 6. Bc4 e6 7. O-O Nf6 8. Qe2 Be7 9. Bf4 e5 10. Bg3 Bg4
11. Qe3 Bxf3 12. Qxf3 Nd4 13. Qd3 Nd7 14. Rac1 O-O 15. Rfd1 a6 16. Ne2 Nc5 17. Qe3 Nxe2+ 18. Qxe2 b5 19. Bd5 Qb6 20. Bxa8 Rxa8
21. h3 Ne6 22. Rc2 Nd4 23. Qe3 Qa5 24. Rcd2 Qxa2 25. f4 f6 26. fxe5 dxe5 27. Qc3 Qe6 28. Bf2 Rc8 29. Qg3 Bc5 30. Kf1 Qc4+
31. Qd3 Bb6 32. Qxc4+ Rxc4 33. Bxd4 Bxd4 34. b3 Rc6 35. Ra2 Kf7 36. Rdd2 Rc1+ 37. Ke2 Rg1 38. Kf3 Re1 39. Rd3 Rf1+ 40. Kg3 Re1
41. Kf3 Rf1+=
1/2-1/2

[Event "only 10 leisure players under 2000 second part"]
[Site "SchemingMind.com"]
[Date "2019.04.29"]
[Round "-"]
[White "Mihir Chandrashekhar"]
[Black "kenneth m day"]
[Result "1/2-1/2"]
[WhiteCountry "IND"]
[BlackCountry "USA"]
[WhiteElo "1850"]
[WhiteRD "67"]
[BlackElo "1732"]
[BlackRD "54"]
[GameID "440749"]

1. c4 Nf6 2. Nc3 g6 3. Nf3 Bg7 4. d4 d6 5. e4 O-O 6. Be2 Bg4 7. O-O Nbd7 8. h3 Bxf3 9. Bxf3 c6 10. Be3 Re8
11. Qd2 e5 12. Rad1 exd4 13. Bxd4 Ne5 14. Bxe5 dxe5 15. Qxd8 Raxd8 16. Rxd8 Rxd8 17. Rd1 Rxd1+ 18. Bxd1 Nd7 19. Bg4 Nc5 20. Kf1 Nd3
21. b3=
1/2-1/2